The New psychohistory /

Bibliographic Details
Other Authors: DeMause, Lloyd
Format: Book
Language:English
Published: New York : The Psychohistory Press, [1975]
Subjects:

MARC

Tag First Indicator Second Indicator Subfields
LEADER 00000cam a2200000 i 4500
001 in00000506521
005 20151013063502.0
008 751229s1975 nyua b 00010deng
010 |a  75014687  
020 |a 0914434012 
035 |a (OCoLC)01904382 
035 |9 ACD4879AM 
040 |a VJA  |c VJA  |d TXA  |d UtOrBLW 
049 |a TXAM  |c [1432792] 
050 0 0 |a D16  |b .N48 
245 0 4 |a The New psychohistory /  |c Lloyd deMause, editor. 
264 1 |a New York :  |b The Psychohistory Press,  |c [1975] 
264 4 |c ©1975 
300 |a 313 pages :  |b illustrations ;  |c 24 cm. 
336 |a text  |b txt  |2 rdacontent 
337 |a unmediated  |b n  |2 rdamedia 
338 |a volume  |b nc  |2 rdacarrier 
500 |a Includes bibliographical references. 
650 0 |a Psychohistory. 
700 1 |a DeMause, Lloyd. 
999 |a MARS 
999 f f |s bca4e7c7-16b3-3fd6-bf40-a59a48768178  |i 5b6fae93-a89c-3d9a-86a9-5a7db1d05b8f  |t 0 
952 f f |p ric  |a Texas A&M University  |b Rellis Campus  |c Joint Library Facility  |d Remote Storage  |t 0  |e D16 .N48  |h Library of Congress classification  |i unmediated -- volume  |m A14801865963 
998 f f |a D16 .N48  |t 0  |l Remote Storage